01217cam a2200313 i 450000100090000000300090000900500170001800800410003502000150007603500210009104000430011208200210015524501080017626400520028426400100033630000440034633600260039033700280041633800270044450400410047152000490051265000530056165500170061470000570063170000570068894200120074599900170075795201290077411832432EG-ScBUE20250624084939.0990813t1998 ii a f b 100 0 eng  a8173191557 a(DLC) 99937336 aEG-ScBUEbengerdacEG-ScBUEdEG-ScBUE04a537.623222bHIG00aHigh temperature superconductivity :bten years after its discovery /ceditors, K. B. Garg, S. M. Bose. 1aNew Delhi : bNarosa Publishing House, c[1998] 4cc1998 axi, 437 pages :billustrations ;c25 cm 2rdacontentatextbtxt aunmediated2rdamediabn avolumebnc2rdacarrier aIncludes bibliographical references. aCollection of papers presented at a workhop. 7aHigh temperature superconductivity.958792BUEsh vReading book1 aGarg, K. B.q(Krishna Behari),d1935-95880eeditor.1 aBose, S. M.q(Shyamalendu M.),d1939-95881eeditor. 2ddccBB c11762d11762 00102ddc40708Alef-BaaaMAINbMAINc1STd2009-06-08ePurchaseg150.00l0o537.623 HIGp000016744r2025-07-15 00:00:00yBB